000 00429nam a2200181Ia 4500
008 230711s9999||||xx |||||||||||||| ||und||
020 _a978-81-265-2451-8
041 _aENG
082 _a625.7
_bWR-H
100 _aWright,Paul H
245 0 _aHighway engineering
250 _a7th Ed.
260 _c2004
_aNew Delhi
_bWiley & Sons
300 _a677p.
650 _aCivil Engineering
700 _aDixon,Karen K
942 _cBK
999 _c5875
_d5875